|
|
|
|
| LEADER |
00000nab a2200000 a 4500 |
| 001 |
vtls000659081 |
| 003 |
SK-MaSNL |
| 005 |
20260304092311.0 |
| 008 |
250425c1997 xo 0 slo |
| 015 |
|
|
|a SNBRB1998/04-08902
|
| 035 |
|
|
|a CLN000011273
|
| 035 |
|
|
|a urn:nbn:sk:snk-abaiov
|
| 035 |
|
|
|a (urnnbn)urn:nbn:sk:snk:ar-008i3j
|
| 035 |
|
|
|a (uuid)482664dc-0b4f-4e05-9404-d41c756f4de3
|
| 040 |
|
|
|a SNKBUCL
|b slo
|c SNKBUCL
|e AACR2
|
| 041 |
0 |
|
|a cze
|
| 044 |
|
|
|a xo
|c SK
|
| 080 |
|
|
|a 616.89-008.45-053.2
|2 1997
|
| 100 |
1 |
|
|a Kocourková, Jana,
|d 1948-
|4 aut
|9 113364
|
| 245 |
1 |
0 |
|a Pseudologia phantastica jako mechanismus falešného obvinění ze sexuálního zneužití
|c J. Kocourková
|
| 300 |
|
|
|b Tab.
|
| 504 |
|
|
|a Res. angl., čes. Bibliogr. odkazy
|
| 650 |
0 |
7 |
|a fantázia
|2 snkbucl
|9 22132
|
| 650 |
0 |
7 |
|a sexuálne zneužívanie
|2 snkbucl
|9 86017
|
| 655 |
|
7 |
|a články z novín a časopisov
|2 snkbucl
|9 267496
|
| 773 |
0 |
|
|t Česká a slovenská psychiatrie
|g Roč. 93, č. 6 (1997), s. 320-325
|x 0069-2336
|
| 850 |
|
|
|a Slovenská národná knižnica
|
| 852 |
|
|
|a Slovenská národná knižnica
|
| 954 |
|
|
|a odborná, vedecká literatúra cudzojazyčná (svetová)
|2 lita
|
| 958 |
|
|
|a article14
|
| 958 |
|
|
|a NB
|
| 958 |
|
|
|a OND
|
| 958 |
|
|
|a EUIPO
|
| 999 |
|
|
|c 2818625
|d 2820555
|